000 01251nam a2200325 a 4500
003 CHAP
005 20220329143714.0
008 010926s1993 mx r 10000 spa d
010 _a100626
011 _a101598
035 _a112286
040 _cCHAP
082 0 4 _a581.634
_bSi57
111 2 _aSimposio sobre Herbolaria Medicinal en Veterinaria (
_d1993 :
_cMéxico, D.F.)
_9106412
245 1 0 _aMemorias del simposio sobre herbolaria medicinal en veterinaria
_c/compilado por Heberto Javierto Esparza Borges y Francisco Ramón Gay Jiménez
260 _aMéxico D.F. :
_bUAM. Unidad Xochimilco,
_c1993
300 _a[c.a. 100 p.]
_bgráfs.
590 _aBATCH-UPD
_b10
_c20130110
_lUCH01
_h1207
590 _aBATCH-UPD
_b10
_c20130410
_lUCH01
_h0747
590 _aBATCH-UPD
_b10
_c20130914
_lUCH01
_h0747
590 _aCONVERSION
_b10
_c20130109
_lUCH01
_h1355
650 1 4 _aBotánica médica
_xCongresos.
_914682
650 1 4 _aVeterinaria
_xCongresos.
_9118991
650 1 4 _aVeterinaria
_xMedicamentos.
_9119002
700 1 _aEsparza Borges, Heberto Javierto
_e, comp.
_937751
700 1 _aGay Jiménez,Francisco Ramón
_e, comp.
_947333
901 _aBK
942 _cLIBRO
949 _a581.634 Si57
_bBC
_cCONG
_d33724002237389
_eCONG
_h114392
_i112286
_st
999 _c100626
_d100626